| 000 | 00488nam a2200193Ia 4500 | ||
|---|---|---|---|
| 003 | GCL | ||
| 008 | 140319s9999 xx 000 0 eng d | ||
| 040 |
_aGCL / _cGCL |
||
| 082 | 0 | 4 |
_a780.9 _bF M |
| 100 | 1 | _aFALVY, ZOLTAN | |
| 245 | 1 | 0 |
_aMEDITERRANEAN CULTURE AND TROUBADOUR MUSIC / _cFALVY, ZOLTAN |
| 260 |
_a[S.N] : _bAKADEMIAIKIDO ، _c1986 |
||
| 300 | _a217 | ||
| 650 | 0 | 4 | _aMEDITERRANEAN SEA |
| 650 | 0 | 4 | _aCULTURE |
| 650 | 0 | 4 | _aMUSIC |
| 650 | 0 | 4 | _aTROUBADOURS |
| 942 |
_2ddc _cBK |
||
| 999 |
_c17666 _d17666 |
||